MLB World Series Wins - Statistics

General Stats
  • This quiz has been taken 731 times
    602 since last reset
  • The average score is 17 of 23
Answer Stats
Most Recent Win #World Series Wins Team % Correct
2009 27 New York Yankees
100%
2011 11 St. Louis Cardinals
90%
2018 9 Boston Red Sox
87%
2014 8 San Francisco Giants
83%
2016 3 Chicago Cubs
82%
2017 1 Houston Astros
78%
1989 9 Oakland Athletics
78%
2015 2 Kansas City Royals
76%
2001 1 Arizona Diamondbacks
73%
1988 6 Los Angeles Dodgers
73%
2005 3 Chicago White Sox
69%
2003 2 Miami Marlins
69%
1990 5 Cincinnati Reds
67%
2008 2 Philadelphia Phillies
67%
1995 3 Atlanta Braves
66%
1948 2 Cleveland Indians
66%
1986 2 New York Mets
65%
1979 5 Pittsburgh Pirates
65%
1984 4 Detroit Tigers
64%
2002 1 Los Angelas Angels
63%
1983 3 Baltimore Orioles
62%
1991 3 Minnesota Twins
62%
1993 2 Toronto Blue Jays
62%
No matching quizzes found
Score Distribution
Percent of People with Each Score
Percentile by Number Answered
Your Score History
You have not taken this quiz since the last reset